| 000 | 02272cam a22002174a 4500 | ||
|---|---|---|---|
| 005 | 20250605164331.0 | ||
| 008 | 250528s ||||||||||||||||||||||||d | ||
| 035 | _a23225 | ||
| 020 | _a9789606647666 | ||
| 040 |
_aGR-AtMCL _bgre _dGR-AtMCL _eAACR2 |
||
| 245 | 1 | _aΔιαχείριση Έργων | |
| 260 |
_bΕπίκεντρο, _c2008 |
||
| 300 | _a904 | ||
| 520 | _aΒάση του παρόντος βιβλίου η εκπαίδευση στη διαχείριση των έργων θα πρέπει να είναι συστηματική, συγκροτημένη και αποτελεσματική. Πρόλογος, Εισαγωγή, Μηχανοτεχνία έναντι Διοίκησης, Προσέγγιση μέσω Διεργασιών της Διαχείρισης Έργου, Τεχνικοοικονομική Ανάλυση, Κοστολόγηση Κύκλου Ζωής, Κρησάρισμα και Επιλογή Έργου, Θεώρημα του Bayes για Διακριτά Αποτελέσματα, Πολυκριτήριες Μέθοδοι Απξιολόγησης, Σύγκριση Θεωρίας της Πολυκριτήριας Χρησιμότητας με την Αναλυτική Ιεραρχική Διαδικασία: Μελέτη Περίπτωσης, Αντικείμενο και Οργανωσιακή Δομή Έργου, Διαχείριση του Σχεδιασμού Προϊόντος και Διαδικασίας και Υποστήριξης, Χρονοπρογραμματισμός Έργου, Ανάλυση Παλινδρόμησησς Ελαχίστων Τετραγώνων, Πίνακες Καμπύλης Μάθησης, Συνάρτηση Κανονικής Κατανομής, Διαχείριση Πόρων, Εκτίμηση Απαιτήσεων Αιχμής σε Πόρους, Ο Προϋπολογισμός του Έργου, Έλεγχος του Έργου, Έργα Έρευνας και Ανάπτυξης, Πληροφορική Υποστήριξη για τη Διαχείριση Έργου, Τερματισμός Έργων. | ||
| 700 | 1 |
_aBard F. Jonathan _91413 |
|
| 700 | 1 |
_aGloberson Shlomo _91414 |
|
| 700 | 1 |
_aShtub Avraham _91415 |
|
| 942 | _cBK | ||
| 999 |
_c8254 _d8254 |
||